| 000 | 00832cab a2200253 4500 | ||
|---|---|---|---|
| 001 | ABS55385 | ||
| 008 | 090401t1996 xxu||||| |||| 00| 0 eng d | ||
| 035 | _a(Sirsi) u16097 | ||
| 041 | _aeng | ||
| 100 | _aHudson, A | ||
| 245 | _aNoisy neighbours | ||
| 260 | _c1996 | ||
| 350 | _a0 | ||
| 490 |
_aNew Law Journal _v146(6749) 21 June 1996, 910-911(2) |
||
| 520 | _aDiscusses the decisions in "Network Housing Association Ltd v Westminster CC" and "Carr v Hackney" where the question of statutory nuisance under the Environmental Protection Act 1990 s79 was at issue. | ||
| 650 | _aCARR V HACKNEY | ||
| 650 | _aENVIRONMENTAL PROTECTION ACT 1990 | ||
| 650 | _aNETWORK HOUSING ASSOCIATION LTD V WESTMINSTER CC | ||
| 650 | _aNOISE | ||
| 650 | _aSTATUTORY NUISANCE | ||
| 690 | _aLAW | ||
| 942 | _n0 | ||
| 948 | _c04/03/1997 | ||
| 999 |
_c10584 _d10584 |
||